|
|
|
|
| LEADER |
02025nam a2200457 i 4500 |
| 001 |
EBC1609504 |
| 003 |
MiAaPQ |
| 005 |
20200520144314.0 |
| 006 |
m o d | |
| 007 |
cr cnu|||||||| |
| 008 |
140605t20122012gw ad o 000 0 ger d |
| 020 |
|
|
|z 9783486717846
|
| 020 |
|
|
|a 9783486717853 (e-book)
|
| 035 |
|
|
|a (MiAaPQ)EBC1609504
|
| 035 |
|
|
|a (Au-PeEL)EBL1609504
|
| 035 |
|
|
|a (CaPaEBR)ebr10874884
|
| 035 |
|
|
|a (CaONFJC)MIL610380
|
| 035 |
|
|
|a (OCoLC)879550885
|
| 040 |
|
|
|a MiAaPQ
|b eng
|e rda
|e pn
|c MiAaPQ
|d MiAaPQ
|
| 043 |
|
|
|a e-gx---
|
| 050 |
|
4 |
|a HJ8654
|b .H367 2012
|
| 082 |
0 |
|
|a 343.43037
|2 23
|
| 100 |
1 |
|
|a Hansmann, Marc,
|e author.
|
| 245 |
1 |
0 |
|a Vor dem dritten Staatsbankrott? :
|b Der deutsche schuldenstaat in historischer und internationaler perspektive /
|c von Marc Hansmann.
|
| 250 |
|
|
|a 2., durchgesehene Auflage.
|
| 264 |
|
1 |
|a Munich, Germany :
|b Oldenbourg Verlag,
|c 2012.
|
| 264 |
|
4 |
|c 2012
|
| 300 |
|
|
|a 1 online resource (116 pages) :
|b illustrations, charts.
|
| 336 |
|
|
|a text
|2 rdacontent
|
| 337 |
|
|
|a computer
|2 rdamedia
|
| 338 |
|
|
|a online resource
|2 rdacarrier
|
| 490 |
1 |
|
|a Zeitgeschichte im Gesprach ;
|v Band 13
|
| 588 |
|
|
|a Description based on online resource; title from PDF title page (ebrary, viewed June 4, 2014).
|
| 590 |
|
|
|a Electronic reproduction. Ann Arbor, MI : ProQuest, 2015. Available via World Wide Web. Access may be limited to ProQuest affiliated libraries.
|
| 650 |
|
0 |
|a Debts, Public
|z Germany.
|
| 650 |
|
0 |
|a Finance, Public
|z Germany.
|
| 655 |
|
4 |
|a Electronic books.
|
| 776 |
0 |
8 |
|i Print version:
|a Hansmann, Marc.
|t Vor dem dritten Staatsbankrott? : Der deutsche schuldenstaat in historischer und internationaler perspektive.
|b 2., durchgesehene Auflage.
|d Munich, Germany : Oldenbourg Verlag, c2012
|h 113 pages
|k Zeitgeschichte im Gesprach ; Band 13.
|z 9783486717846
|
| 797 |
2 |
|
|a ProQuest (Firm)
|
| 830 |
|
0 |
|a Zeitgeschichte im Gesprach ;
|v Band 13.
|
| 856 |
4 |
0 |
|u https://ebookcentral.proquest.com/lib/matrademy/detail.action?docID=1609504
|z Click to View
|